ESG a účetní souvislosti

Salvato in:
Dettagli Bibliografici
Autore principale: Březinová, Hana
Natura: Libro
Lingua:ceco
Pubblicazione: Praha Wolters Kluwer 2023
Edizione:1. vydání
Soggetti:
Tags: Aggiungi Tag
Nessun Tag, puoi essere il primo ad aggiungerne!!

MARC

LEADER 00000nam a2200000 4500
001 0305165
005 20250102111722.5
020 |a 978-80-7676-723-2 
041 0 |a cze 
044 |a CZ 
245 1 0 |a ESG a účetní souvislosti  |c Hana Březinová 
250 |a 1. vydání 
264 1 |a Praha  |b Wolters Kluwer  |c 2023 
300 |a 269 s. 
610 2 0 |a účtovníctvo 
610 2 0 |a závierka účtovná 
610 2 0 |a závierka účtovná konsolidovaná 
610 2 0 |a stopa uhlíková 
610 2 0 |a informácie účtovné 
610 2 0 |a udržateľnosť 
100 1 |a Březinová, Hana